The alchemy of happiness / (Record no. 32825)
[ view plain ]
| 000 -LEADER | |
|---|---|
| fixed length control field | 00687nam a2200241u 4500 |
| 001 - CONTROL NUMBER | |
| control field | 32825 |
| 003 - CONTROL NUMBER IDENTIFIER | |
| rucl marc code | BD-RjUL |
| 005 - DATE AND TIME OF LATEST TRANSACTION | |
| control field | 20211209051912.0 |
| 008 - FIXED-LENGTH DATA ELEMENTS--GENERAL INFORMATION | |
| fixed length control field | 140428s1910 enk 000 0 eng |
| 035 ## - SYSTEM CONTROL NUMBER | |
| System control number | (BD-RjUL)32915 |
| 040 ## - CATALOGING SOURCE | |
| Original cataloging agency | DLC |
| Transcribing agency | CarP |
| Modifying agency | BD-RjUL |
| Language of cataloging | eng |
| 041 ## - LANGUAGE CODE | |
| Language code of text/sound track or separate title | eng |
| 082 04 - DEWEY DECIMAL CLASSIFICATION NUMBER | |
| Classification number | 297.5 |
| Author mark and year | ALA 1910 |
| 100 2# - MAIN ENTRY--PERSONAL NAME | |
| Personal name | Al-Ghazzali, Abu Hamid |
| Dates associated with a name | 1058-1111. |
| 9 (RLIN) | 99806 |
| 245 14 - TITLE STATEMENT | |
| Title | The alchemy of happiness / |
| Statement of responsibility, etc. | Al Ghazzali,translated by Claud Field |
| 260 ## - PUBLICATION, DISTRIBUTION, ETC. (IMPRINT) | |
| Place of publication, distribution, etc. | London : |
| Name of publisher, distributor, etc. | J. Murray, |
| Date of publication, distribution, etc. | 1910. |
| 300 ## - PHYSICAL DESCRIPTION | |
| Pagination | 115 p. ; |
| Size | 17 cm. |
| 650 00 - SUBJECT ADDED ENTRY--TOPICAL TERM | |
| Topical term or geographic name as entry element | Islamic ethics |
| 9 (RLIN) | 99807 |
| 700 1# - ADDED ENTRY--PERSONAL NAME | |
| Personal name | Field, Claud |
| Dates associated with a name | 1863-1941, |
| Relator term | tr. |
| 942 ## - ADDED ENTRY ELEMENTS (KOHA) | |
| Source of classification or shelving scheme | Dewey Decimal Classification |
| Koha item type | Books |
| Lost status | Source of classification or shelving scheme | Damaged status | Not for loan | Collection code | Permanent Location | Current Location | Shelving location | Date acquired | Source of acquisition | Total Checkouts | Full call number | Date last seen | Copy number | Koha item type |
|---|---|---|---|---|---|---|---|---|---|---|---|---|---|---|
| Dewey Decimal Classification | Not For Loan | Non-fiction | Central Library, University of Rajshahi | Central Library, University of Rajshahi | Reading Room | 25/01/1958 | Spalding trust | 297.5 ALA 1910 | 28/04/2014 | C-1 | Books |